আবেদ ভাই ও ব্র্যাক : ভেতর থেকে দেখা /

Bibliographic Details
Main Author: কৈরী, শিবনারায়ন
Format: Book
Language:Bengali
Published: ঢাকা : আলোঘর প্রকাশনা, ২০২৫.
Subjects:
Classic Catalogue: View this record in Classic Catalogue
LEADER 02584nam a22003497a 4500
001 44461
003 BD-DhAAL
005 20250618152610.0
008 250618t2025 bg a|||| |||| 00| 0 ben d
020 |a 9789849929161 
040 |a BD-DhAAL  |c BD-DhAAL 
041 |a ben 
082 |a 361.95492   |2 23 
100 |a কৈরী, শিবনারায়ন.  |9 58490 
245 |a আবেদ ভাই ও ব্র্যাক :  |b ভেতর থেকে দেখা /  |c শিবনারায়ন কৈরী. 
246 |a Abed Bhai o BRAC :  |b vetor theke dekha 
260 |a ঢাকা :  |b আলোঘর প্রকাশনা,  |c ২০২৫. 
300 |a ১৮৬ পৃষ্ঠা :  |b চিত্র ;  |c ২২ সে.মি. 
541 |a Complimentary copy from Shib Narayan Kairy, Former Treasurer of BRAC University  |e 44461, 44462, 44463, 44464 
610 |a Bangladesh Rural Advancement Committee. 
650 |a Social service  |z Bangladesh.  |9 58491 
650 |a Social workers  |z Bangladesh. 
650 |a Rural development  |z Bangladesh. 
650 |a Economic assistance, Domestic  |z Bangladesh. 
650 |a Non-governmental organizations  |z Bangladesh. 
852 |a Ayesha Abed Library  |c BRAC Resource Section 
942 |2 ddc  |c BK 
999 |c 47314  |d 47314 
952 |0 0  |1 0  |2 ddc  |4 0  |6 361_954920000000000_KAI  |7 1  |9 77843  |a BRACUL  |b BRACUL  |c BRS  |d 2025-06-18  |e Complimentary copy from Shib Narayan Kairy, Former Treasurer of BRAC University  |g 350.00  |l 0  |o 361.95492 KAI  |p 3010044461  |r 2025-06-18  |t 1  |w 2025-06-18  |y BK  |x Complimentary copy from Shib Narayan Kairy, Former Treasurer of BRAC University 
952 |0 0  |1 0  |2 ddc  |4 0  |6 361_954920000000000_KAI  |7 1  |9 77844  |a BRACUL  |b BRACUL  |c BRS  |d 2025-06-18  |e Complimentary copy from Shib Narayan Kairy, Former Treasurer of BRAC University  |g 350.00  |l 0  |o 361.95492 KAI  |p 3010044462  |r 2025-06-18  |t 2  |w 2025-06-18  |y BK  |x Complimentary copy from Shib Narayan Kairy, Former Treasurer of BRAC University 
952 |0 0  |1 0  |2 ddc  |4 0  |6 361_954920000000000_KAI  |7 1  |9 77845  |a BRACUL  |b BRACUL  |c BRS  |d 2025-06-18  |e Complimentary copy from Shib Narayan Kairy, Former Treasurer of BRAC University  |g 350.00  |l 0  |o 361.95492 KAI  |p 3010044463  |r 2025-06-18  |t 3  |w 2025-06-18  |y BK  |x Complimentary copy from Shib Narayan Kairy, Former Treasurer of BRAC University 
952 |0 0  |1 0  |2 ddc  |4 0  |6 361_954920000000000_KAI  |7 1  |9 77846  |a BRACUL  |b BRACUL  |c BRS  |d 2025-06-18  |e Complimentary copy from Shib Narayan Kairy, Former Treasurer of BRAC University  |g 350.00  |l 0  |o 361.95492 KAI  |p 3010044464  |r 2025-06-18  |t 4  |w 2025-06-18  |y BK  |x Complimentary copy from Shib Narayan Kairy, Former Treasurer of BRAC University